History Quiz

Random History or Clickable Quiz

U.S. Currency: Real or Fake? Quiz Stats

 Plays Quiz not verified by Sporcle

Score 0/15 Timer 03:00
0 Plays Today
% Correct
5 dollar bill
90.9%
2 dollar bill
90.6%
Half dollar
90.5%
Eagle (10 dollar gold piece)
85.3%
500 dollar bill
82.9%
Half-eagle (5 dollar gold piece)
82.6%
Double eagle (20 dollar gold piece)
80.1%
100,000 dollar bill
72%
% Correct
5,000 dollar bill
71.9%
Half cent
70.1%
2 cent piece
69.9%
Half dime
62.5%
20 cent piece
60.9%
3 dollar gold piece
43.5%
3 cent piece
40.6%

You're not logged in!

Compare scores with friends on all Sporcle quizzes.
OR
Log In

Show Comments

Extras

Top Quizzes Today


Score Distribution

Your Account Isn't Verified!

In order to create a playlist on Sporcle, you need to verify the email address you used during registration. Go to your Sporcle Settings to finish the process.

Report this User

Report this user for behavior that violates our Community Guidelines.

Details: